La revolución y la guerra de España. (Record no. 111883)

MARC details
000 -LEADER
campo de control de longitud fija 00818cam a2200265Mi 4500
001 - NÚMERO DE CONTROL
campo de control 92989
005 - FECHA Y HORA DE LA ÚLTIMA TRANSACCIÓN
campo de control 20230411090050.0
008 - DATOS DE LONGITUD FIJA--INFORMACIÓN GENERAL
campo de control de longitud fija 090101s1962 mx 000 0 spa d
035 ## - NÚMERO DE CONTROL DEL SISTEMA
Número de control de sistema (OCoLC)ocn417013506
040 ## - FUENTE DE CATALOGACIÓN
Centro catalogador/agencia de origen FRBML
Lengua de catalogación fre
Centro/agencia transcriptor FRBML
035 ## - NÚMERO DE CONTROL DEL SISTEMA
Número de control de sistema (OCoLC)417013506
084 ## - OTRO NÚMERO DE CLASIFICACIÓN
Número de clasificación HR61.1
049 ## - FONDOS LOCALES (OCLC)
Biblioteca depositaria GRAL
100 1# - ENTRADA PRINCIPAL--NOMBRE DE PERSONA
Nombre de persona Brouâe, Pierre,
Fechas asociadas al nombre 1926-2005.
245 13 - MENCIÓN DEL TÍTULO
Título La revolución y la guerra de España.
Número de parte o sección de la obra 01 /
Mención de responsabilidad, etc. Pierre Brouâe ; Emile Temime.
260 ## - PUBLICACIÓN, DISTRIBUCIÓN, ETC.
Lugar de publicación, distribución, etc. México ;
-- Buenos-Aires :
Nombre del editor, distribuidor, etc. Fondo de Cultura Economica,
Fecha de publicación, distribución, etc. 1962.
300 ## - DESCRIPCIÓN FÍSICA
Extensión 380 p.
490 0# - MENCIÓN DE SERIE
Mención de serie Colección Popular.Tiempo Presente ;
Designación de volumen o secuencia 33
651 #4 - PUNTO DE ACCESO ADICIONAL DE MATERIA--NOMBRE GEOGRÁFICO
Nombre geográfico Espagne
Subdivisión cronológica 1936-1939 (Guerre civile)
700 1# - ENTRADA AGREGADA--NOMBRE PERSONAL
Nombre de persona Temime, âEmile,
Fechas asociadas al nombre 19..-....
760 0# - ENLACE A UNA SERIE PRINCIPAL
Título Coleccion Popular.Tiempo Presente
Parte(s) relacionada(s) 33
942 ## - ELEMENTOS DE ENTRADA SECUNDARIOS (KOHA)
Fuente del sistema de clasificación o colocación Clasificación de Library of Congress
Tipo de ítem Koha
994 ## -
-- C0
-- DRFGD
946 ## - PROCESAMIENTO DE INFORMACIÓN LOCAL (OCLC)
a YM
Holdings
Estatus retirado Estado de pérdida Fuente del sistema de clasificación o colocación Estado de daño No para préstamo Colección Biblioteca de origen Biblioteca actual Ubicación en estantería Fecha de adquisición Código de barras Visto por última vez Copia número Tipo de ítem Koha
    Clasificación de Library of Congress     Automatización y Procesos Técnicos Biblioteca Juan Bosch Biblioteca Juan Bosch Automatización y Procesos Técnicos (1er. Piso) 11/04/2023 00000086203 17/02/2019 1